| 000 | 00349nam a22001457a 4500 | ||
|---|---|---|---|
| 999 |
_c8004 _d8004 |
||
| 003 | OSt | ||
| 005 | 20200616162245.0 | ||
| 008 | 200616b ||||| |||| 00| 0 eng d | ||
| 020 | _a9780367028312 | ||
| 082 |
_a726 _bSHE |
||
| 100 | _a Sherin Wing | ||
| 245 | _aDesigning Sacred Spaces | ||
| 260 |
_aNew York _b Taylor & Francis Ltd _c2018 |
||
| 942 | _2ddc | ||